Mathematical models of hysteresis and their applications : (Record no. 29495)

000 -LEADER
fixed length control field 00688 a2200205 4500
020 ## - INTERNATIONAL STANDARD BOOK NUMBER
International Standard Book Number 0124808735
020 ## - INTERNATIONAL STANDARD BOOK NUMBER
International Standard Book Number 9780124808737
082 04 - DEWEY DECIMAL CLASSIFICATION NUMBER
Classification number 538.3
090 ## - LOCALLY ASSIGNED LC-TYPE CALL NUMBER (OCLC); LOCAL CALL NUMBER (RLIN)
-- 872
-- 872
100 1# - MAIN ENTRY--PERSONAL NAME
Personal name Mayergoyz, Isaak D.
245 10 - TITLE STATEMENT
Title Mathematical models of hysteresis and their applications :
Remainder of title second edition /
Statement of responsibility, etc. Isaak D. Mayergoyz.
250 ## - EDITION STATEMENT
Edition statement 2nd ed.
260 ## - PUBLICATION, DISTRIBUTION, ETC.
Place of publication, distribution, etc. [S.l.] :
Name of publisher, distributor, etc. Academic Press,
Date of publication, distribution, etc. 2003.
300 ## - PHYSICAL DESCRIPTION
Extent 498 p. ;
Dimensions 23 cm.
490 1# - SERIES STATEMENT
Series statement Electromagnetism.
700 ## - ADDED ENTRY--PERSONAL NAME
Personal name Mayergoyz, Isaak D.
830 #0 - SERIES ADDED ENTRY--UNIFORM TITLE
Uniform title Electromagnetism.
942 ## - ADDED ENTRY ELEMENTS (KOHA)
Institution code [OBSOLETE] SNS
Koha item type Book
Call number prefix 538.3 MAY
Holdings
Withdrawn status Lost status Damaged status Not for loan Permanent Location Current Location Date acquired Total Checkouts Full call number Barcode Date last seen Price effective from Koha item type
        School of Natural Sciences (SNS) School of Natural Sciences (SNS) 05/26/2016   538.3 MAY SNS0001040 05/26/2016 05/26/2016 Book
© 2023 Central Library, National University of Sciences and Technology. All Rights Reserved.